ARRUPE JESUIT UNIVERSITY

CORONAVIRUS -STOP THE SPREAD - CLEAN,DISINFECT,COVER

Conflict and peace in the modern international system (Record no. 35504)

MARC details
000 -LEADER
fixed length control field 00451nam a2200193Ia 4500
003 - CONTROL NUMBER IDENTIFIER
control field 0100
008 - FIXED-LENGTH DATA ELEMENTS--GENERAL INFORMATION
fixed length control field 130303s9999 xx 000 0 und d
040 ## - CATALOGING SOURCE
Transcribing agency ARRUPELIB
050 ## - LIBRARY OF CONGRESS CALL NUMBER
Classification number JX1395.L831968
300 ## - PHYSICAL DESCRIPTION
Other physical details 343 p.21 cm
100 ## - MAIN ENTRY--PERSONAL NAME
Personal name Luard, Evan
245 ## - TITLE STATEMENT
Title Conflict and peace in the modern international system
260 ## - PUBLICATION, DISTRIBUTION, ETC. (IMPRINT)
Place of publication, distribution, etc Boston
260 ## - PUBLICATION, DISTRIBUTION, ETC. (IMPRINT)
Name of publisher, distributor, etc Little, Brown
260 ## - PUBLICATION, DISTRIBUTION, ETC. (IMPRINT)
-- 1968
300 ## - PHYSICAL DESCRIPTION
Extent viii
700 ## - ADDED ENTRY--PERSONAL NAME
Personal name Evan Luard
942 00 - ADDED ENTRY ELEMENTS (KOHA)
Koha issues (borrowed), all copies 1
Holdings
Withdrawn status Lost status Source of classification or shelving scheme Damaged status Not for loan Collection code Home library Current library Shelving location Date acquired Total Checkouts Full call number Barcode Date last seen Date checked out Copy number Price effective from Koha item type
    Library of Congress Classification     Main Collection ARRUPE LIBRARY ARRUPE LIBRARY   04/03/2013 3 JX1395.L831968 46003049153 07/02/2020 24/01/2020 1 04/03/2013 Monograph ( Printed materials)

 

Arrupe Library. PO Box MP320 Mt Pleasant, Harare, Zimbabwe
263 242 745411|librarian@aju.ac.zw